[Event "World Blitz Championship"]
[Site "Berlin GER"]
[Date "2015.10.14"]
[EventDate "2015.10.13"]
[Round "20.45"]
[Result "1-0"]
[White "Georg Meier"]
[Black "Baskaran Adhiban"]
[WhiteElo "2654"]
[BlackElo "2674"]
[PlyCount "91"]

1. Nf3 Nf6 2. g3 g6 3. Bg2 Bg7 4. O-O O-O 5. d4 d6 6. b3 e5
7. dxe5 dxe5 8. Ba3 Qxd1 9. Rxd1 Re8 10. Nc3 c6 11. Nd2 Bf8
12. Bb2 Nbd7 13. Nc4 Nc5 14. a3 Be6 15. Nxe5 Bxb3 16. cxb3
Rxe5 17. b4 Na6 18. e4 Ree8 19. f4 Ng4 20. Rd3 Rad8 21. Rad1
Rxd3 22. Rxd3 c5 23. Nd5 Bg7 24. e5 cxb4 25. axb4 h5 26. h3
Nh6 27. Bd4 Nf5 28. Bxa7 h4 29. g4 Ng3 30. Bf2 g5 31. b5 Nb8
32. Nc7 Rc8 33. b6 gxf4 34. Bxb7 Rf8 35. e6 Bf6 36. Bd5 fxe6
37. Nxe6 Rc8 38. Nxf4+ Kh7 39. Kg2 Nd7 40. Be6 Nxb6 41. Bxc8
Nxc8 42. Bxg3 hxg3 43. Kxg3 Ne7 44. h4 Be5 45. Kf3 Nc6 46. Rd5
1-0

[Event "Qatar Masters"]
[Site "Doha QAT"]
[Date "2015.12.29"]
[EventDate "2015.12.20"]
[Round "9.22"]
[Result "1/2-1/2"]
[White "Baskaran Adhiban"]
[Black "Matthias Bluebaum"]
[WhiteElo "2669"]
[BlackElo "2590"]
[PlyCount "123"]

1. e4 e6 2. d4 d5 3. Nc3 Nf6 4. e5 Nfd7 5. f4 c5 6. Nf3 Be7
7. Be3 O-O 8. Qd2 b6 9. Nd1 cxd4 10. Nxd4 Bb7 11. Be2 Nc6
12. O-O Nc5 13. Nf2 Qd7 14. c3 Rfc8 15. Rad1 Nxd4 16. Bxd4 Qa4
17. b3 Qa3 18. Bg4 Rc7 19. f5 exf5 20. Bxf5 Bc8 21. Ng4 Bxf5
22. Rxf5 Ne6 23. Rdf1 Bc5 24. Rh5 Bxd4+ 25. cxd4 Rac8 26. Ne3
Rc1 27. Rf5 Rxf1+ 28. Rxf1 Qa5 29. Qf2 Rc7 30. Nf5 Qc3 31. Qh4
Qd2 32. h3 Rc2 33. Qg4 Rc1 34. Rxc1 Qxc1+ 35. Kh2 Kf8 36. Nd6
a6 37. a4 g6 38. b4 Qe3 39. b5 axb5 40. Nxb5 Qb3 41. Qf3 Qxf3
42. gxf3 f6 43. Kg3 fxe5 44. dxe5 Nc5 45. f4 Nxa4 46. f5 gxf5
47. Kf4 Nc5 48. Kxf5 Ke7 49. Nd4 b5 50. e6 b4 51. Nc6+ Kd6
52. e7 Kd7 53. Nxb4 Kxe7 54. Nxd5+ Kf7 55. Nf6 h6 56. Ng4 Kg7
57. Ne5 Nb7 58. h4 Nd6+ 59. Ke6 Ne4 60. Kf5 Nd6+ 61. Ke6 Ne4
62. Kf5 1/2-1/2

[Event "Tata Steel (Group B)"]
[Site "Wijk aan Zee NED"]
[Date "2016.01.20"]
[EventDate "2016.01.15"]
[Round "5"]
[Result "1-0"]
[White "Baskaran Adhiban"]
[Black "Anne Haast"]
[WhiteElo "2653"]
[BlackElo "2391"]
[PlyCount "61"]

1. d4 d5 2. c4 dxc4 3. Nf3 Nf6 4. Nc3 c6 5. a4 e6 6. e4 Bb4
7. e5 Nd5 8. Bd2 Bxc3 9. bxc3 b5 10. Ng5 f5 11. Qh5+ Kd7
12. g4 Qe8 13. Qxe8+ Kxe8 14. gxf5 exf5 15. axb5 h6 16. Nh3
Bd7 17. Bxc4 Nb6 18. Bb3 cxb5 19. Nf4 g5 20. Nh5 Bc6 21. d5
Bb7 22. Be3 Kd8 23. Rxa7 Nxd5 24. Rxb7 Nxe3 25. fxe3 Kc8
26. Bd5 Rd8 27. Rxb5 Ra1+ 28. Ke2 Rxd5 29. Rxb8+ Kxb8 30. Rxa1
Rxe5 31. Nf6 1-0

[Event "Tata Steel (Group B)"]
[Site "Wijk aan Zee NED"]
[Date "2016.01.22"]
[EventDate "2016.01.15"]
[Round "6"]
[Result "1/2-1/2"]
[White "Mikhail Antipov"]
[Black "Baskaran Adhiban"]
[WhiteElo "2567"]
[BlackElo "2653"]
[PlyCount "81"]

1. e4 c5 2. Nf3 e6 3. b3 d5 4. exd5 exd5 5. Bb5+ Nc6 6. O-O
Bd6 7. Bb2 Nf6 8. Qe2+ Be6 9. Be5 Be7 10. Ng5 Bg4 11. f3 Bd7
12. Bxc6 Bxc6 13. Bxf6 gxf6 14. Nh3 O-O 15. Nc3 Bd6 16. Qd3
Kh8 17. Ne2 Rg8 18. Ng3 Bxg3 19. hxg3 Rxg3 20. Qf5 Bd7 21. Qf4
Rg6 22. Kh2 Bxh3 23. gxh3 Qd7 24. Rg1 Re8 25. Rae1 Kg7 26. h4
b6 27. h5 Rxe1 28. h6+ Kh8 29. Rxe1 Qd8 30. Rg1 Kg8 31. Rg2
Kf8 32. Kg1 Ke7 33. Kf1 Rxg2 34. Kxg2 Qg8+ 35. Kf1 Qc8 36. Kf2
c4 37. Qe3+ Kd7 38. Qf4 Qc5+ 39. Kf1 Qc6 40. Qf5+ Qe6 41. Qxh7
1/2-1/2

[Event "Tata Steel (Group B)"]
[Site "Wijk aan Zee NED"]
[Date "2016.01.23"]
[EventDate "2016.01.15"]
[Round "7"]
[Result "1-0"]
[White "Baskaran Adhiban"]
[Black "Alexey Dreev"]
[WhiteElo "2653"]
[BlackElo "2644"]
[PlyCount "47"]

1. d4 d5 2. c4 c6 3. Nc3 Nf6 4. Nf3 e6 5. e3 Nbd7 6. Qc2 b6
7. Bd3 Bb7 8. O-O Be7 9. b3 dxc4 10. bxc4 c5 11. d5 exd5
12. cxd5 Nxd5 13. Nxd5 Bxd5 14. Rd1 Bf6 15. e4 c4 16. Be2 Bxa1
17. Rxd5 Qc7 18. Ba3 Bf6 19. Bxc4 Be7 20. Qa4 Bxa3 21. Rxd7
Qxd7 22. Bb5 Qxb5 23. Qxb5+ Kf8 24. Qb3 1-0

[Event "Tata Steel (Group B)"]
[Site "Wijk aan Zee NED"]
[Date "2016.01.24"]
[EventDate "2016.01.15"]
[Round "8"]
[Result "1/2-1/2"]
[White "Erwin L'Ami"]
[Black "Baskaran Adhiban"]
[WhiteElo "2627"]
[BlackElo "2653"]
[PlyCount "97"]

1. d4 d5 2. c4 e6 3. Nc3 c6 4. e4 dxe4 5. Nxe4 Bb4+ 6. Nc3 e5
7. a3 Bxc3+ 8. bxc3 Qa5 9. Bd2 Nf6 10. Nf3 Nbd7 11. Be2 O-O
12. O-O Ne4 13. Re1 Rd8 14. Bf1 Nxd2 15. Qxd2 exd4 16. cxd4
Qxd2 17. Nxd2 Nf8 18. Nb3 Bf5 19. Rac1 Ne6 20. Red1 Rd6
21. Rd2 Rad8 22. Rcd1 b6 23. f3 h5 24. h4 a5 25. a4 c5 26. d5
Nc7 27. Bd3 Bd7 28. Ra1 Rf6 29. Kf2 Ne8 30. Re2 Nd6 31. Nd2
Rf4 32. Ne4 Bf5 33. g3 Bxe4 34. Bxe4 Rf6 35. Bd3 Kf8 36. Re5
g6 37. f4 Re8 38. Kg2 Re7 39. Rae1 Nc8 40. R1e3 Rd6 41. f5 Rf6
42. Rxe7 Nxe7 43. fxg6 fxg6 44. Rf3 Kg7 45. Re3 Kf7 46. Re2
Nc8 47. Rb2 Ke7 48. Re2+ Kf7 49. Rb2 1/2-1/2

[Event "Tata Steel (Group B)"]
[Site "Wijk aan Zee NED"]
[Date "2016.01.26"]
[EventDate "2016.01.15"]
[Round "9"]
[Result "0-1"]
[White "Baskaran Adhiban"]
[Black "Jorden van Foreest"]
[WhiteElo "2653"]
[BlackElo "2541"]
[PlyCount "82"]

1. d4 d5 2. c4 c6 3. Nf3 Nf6 4. Nc3 dxc4 5. a4 Bf5 6. Nh4 Bc8
7. e3 Bg4 8. f3 Bd7 9. f4 e6 10. Bxc4 Bb4 11. O-O c5 12. f5
O-O 13. Na2 Nc6 14. Nxb4 cxb4 15. Bd2 exf5 16. Bd3 g6 17. Nxf5
Bxf5 18. Bxf5 gxf5 19. Rxf5 Qe7 20. Qf3 Ne4 21. Bxb4 Qxb4
22. Qxe4 Rae8 23. Qf4 Ne7 24. Rb5 Qd2 25. Rxb7 Ng6 26. Qf2
Qxe3 27. Rxa7 Qd3 28. Rd7 Re2 29. Qg3 Qxg3 30. hxg3 Rb8
31. Rb1 Nf8 32. Rd6 Rc8 33. a5 Rcc2 34. a6 Rxg2+ 35. Kh1 Rxb2
36. Rxb2 Rxb2 37. d5 Ra2 38. g4 Kg7 39. g5 Ng6 40. Kg1 Nf4
41. Kf1 Ra5 0-1

[Event "Tata Steel (Group B)"]
[Site "Wijk aan Zee NED"]
[Date "2016.01.27"]
[EventDate "2016.01.16"]
[Round "10.3"]
[Result "1-0"]
[White "Baskaran Adhiban"]
[Black "Eltaj Safarli"]
[WhiteElo "2653"]
[BlackElo "2653"]
[PlyCount "123"]

1. d4 Nf6 2. Bg5 Ne4 3. Bf4 d5 4. e3 c5 5. Bd3 Nf6 6. c3 Nc6
7. Nd2 Bg4 8. Ngf3 e6 9. Qa4 c4 10. Bb1 Bd6 11. Bg5 O-O
12. O-O Be7 13. Re1 Rb8 14. b4 b5 15. Qd1 a5 16. a3 Ra8
17. Bc2 e5 18. h3 Bxf3 19. Nxf3 Ne4 20. Bxe7 Qxe7 21. Bxe4
dxe4 22. Nd2 axb4 23. axb4 f5 24. d5 Rxa1 25. Qxa1 Nd8 26. f3
exf3 27. Nxf3 Nf7 28. Qa6 Qd7 29. Qe6 Rd8 30. e4 fxe4 31. Rxe4
Qxd5 32. Rxe5 Qxe6 33. Rxe6 Kf8 34. Nd4 Rd5 35. Rc6 Ke7
36. Rc7+ Kf6 37. Rb7 Nd6 38. Rd7 Rxd4 39. cxd4 Ke6 40. Rc7 Ne4
41. Kf1 Kd6 42. Rc8 Kd5 43. Rd8+ Kc6 44. d5+ Kc7 45. Re8 Nc3
46. Re7+ Kd6 47. Rxg7 Na2 48. Ke2 Nxb4 49. Rxh7 Nxd5 50. h4 b4
51. h5 b3 52. Rb7 Nf4+ 53. Ke3 Nxh5 54. Kd4 Nf4 55. g4 Nd3
56. g5 Kc6 57. Rb8 Kc7 58. Rb5 Nf4 59. Kxc4 Kd6 60. g6 Ne6
61. Rxb3 Ke7 62. Rf3 1-0

[Event "Tata Steel (Group B)"]
[Site "Wijk aan Zee NED"]
[Date "2016.01.29"]
[EventDate "2016.01.16"]
[Round "11.2"]
[Result "1/2-1/2"]
[White "Liviu Dieter Nisipeanu"]
[Black "Baskaran Adhiban"]
[WhiteElo "2679"]
[BlackElo "2653"]
[PlyCount "221"]

1. e4 c5 2. Nf3 d6 3. c3 Nf6 4. Be2 Bg4 5. O-O e6 6. h3 Bh5
7. d4 Nxe4 8. d5 Nd7 9. dxe6 fxe6 10. Nfd2 Bxe2 11. Qxe2 Nxd2
12. Nxd2 Qf6 13. Ne4 Qg6 14. Rd1 d5 15. Ng5 O-O-O 16. Qxe6
Qxe6 17. Nxe6 Re8 18. Nf4 Nb6 19. a4 a5 20. Be3 Re5 21. Nd3
Re4 22. Bxc5 Bxc5 23. Nxc5 Rc4 24. Ne6 g6 25. Nd4 Rxa4
26. Rxa4 Nxa4 27. Ra1 Nxb2 28. Rxa5 Re8 29. Rc5+ Kb8 30. Rxd5
Kc7 31. Rc5+ Kb8 32. Rd5 Kc7 33. g4 Na4 34. Ra5 Nb6 35. Kg2
Re4 36. f3 Re1 37. h4 Rd1 38. h5 Kd6 39. hxg6 hxg6 40. Rg5 Nd5
41. Rxg6+ Kc5 42. Rg8 Nxc3 43. Ne6+ Kd6 44. Nf4 Ke5 45. Rc8 b5
46. Rxc3 Kxf4 47. Rb3 Rd2+ 48. Kh3 Rd5 49. Kh4 Rc5 50. g5 Rd5
51. Rb4+ Kf5 52. Kh5 Rc5 53. g6 Kf6+ 54. Kh6 Rf5 55. f4 Rd5
56. Rb1 Rd8 57. g7 Rd3 58. g8=N+ Kf5 59. Rb4 Re3 60. Rd4 Re4
61. Rd5+ Kxf4 62. Rxb5 Re6+ 63. Kg7 Ra6 64. Nf6 Ra1 65. Kf7
Ra3 66. Nd5+ Ke5 67. Nb4+ Ke4 68. Ke6 Rh3 69. Nd5 Kd4 70. Rb4+
Kc5 71. Re4 Rh1 72. Nf6 Rh6 73. Rg4 Rh1 74. Nd7+ Kb5 75. Ne5
Rd1 76. Rg8 Kc5 77. Rc8+ Kb4 78. Rc7 Kb3 79. Kf5 Rd4 80. Nf3
Rd1 81. Ke4 Kb4 82. Rc8 Rh1 83. Kd4 Rd1+ 84. Ke4 Rh1 85. Kd5
Rh5+ 86. Kd4 Kb5 87. Ne5 Rh4+ 88. Kd5 Kb4 89. Nd3+ Kb3
90. Nc5+ Kb2 91. Ne4 Rh1 92. Kd4 Rd1+ 93. Ke3 Kb3 94. Nc5+ Kb4
95. Nd3+ Kb5 96. Rc5+ Kb6 97. Rc3 Kb5 98. Kd4 Rh1 99. Kd5 Rh5+
100. Ne5 Kb4 101. Rf3 Rg5 102. Kd4 Rh5 103. Rf4 Kb5 104. Kd5
Rg5 105. Rf8 Kb4 106. Kd4 Kb3 107. Rb8+ Kc2 108. Rc8+ Kb3
109. Rc3+ Kb4 110. Rc5 Rg8 111. Nd3+ 1/2-1/2

[Event "Tata Steel (Group B)"]
[Site "Wijk aan Zee NED"]
[Date "2016.01.30"]
[EventDate "2016.01.15"]
[Round "12"]
[Result "1/2-1/2"]
[White "Baskaran Adhiban"]
[Black "Nino Batsiashvili"]
[WhiteElo "2653"]
[BlackElo "2485"]
[PlyCount "124"]

1. d4 Nf6 2. c4 e6 3. Nc3 Bb4 4. Bg5 h6 5. Bh4 c5 6. d5 d6
7. e3 Bxc3+ 8. bxc3 e5 9. Qc2 g5 10. Bg3 e4 11. h4 Rg8 12. Ne2
Qe7 13. hxg5 hxg5 14. Rb1 Nbd7 15. Qa4 Kf8 16. Qa3 Kg7 17. Nd4
Ne5 18. Be2 Rd8 19. Nb3 b6 20. Nd2 Bf5 21. Qc1 Rh8 22. Rg1
Nd3+ 23. Bxd3 exd3 24. Nf1 Ne4 25. Rb2 Qf6 26. f3 Nxc3 27. Bf2
b5 28. Ng3 Bg6 29. Kd2 b4 30. Rb3 Nxa2 31. Qa1 Nc3 32. e4 Rh2
33. Qf1 a5 34. Qxd3 Rb8 35. Kc2 a4 36. Rxc3 bxc3 37. Qxc3 Rb3
38. Qxf6+ Kxf6 39. Nf1 Rxf3 40. gxf3 Rxf2+ 41. Nd2 Rxf3
42. Nxf3 Bxe4+ 43. Kd2 Bxf3 44. Ke3 Bh5 45. Ra1 Ke5 46. Rxa4
f5 47. Ra7 f4+ 48. Kf2 Bg4 49. Re7+ Kf6 50. Re8 Bh3 51. Kf3
Bf5 52. Re1 Bd7 53. Ke4 Bg4 54. Re2 Bf5+ 55. Kf3 Bh3 56. Re8
Kf5 57. Rf8+ Ke5 58. Re8+ Kd4 59. Re4+ Kd3 60. Re6 Kxc4
61. Rxd6 Kd4 62. Rg6 Kxd5 1/2-1/2